| 000 | 00789cam a2200277 i 4500 | ||
|---|---|---|---|
| 999 |
_c3538 _d3538 |
||
| 001 | 3707097 | ||
| 003 | GBCCL | ||
| 005 | 20241126110457.0 | ||
| 008 | 800204s1978 enk b 000 0 eng | ||
| 010 | _a 79322620 | ||
| 015 | _aGB*** | ||
| 020 |
_a0340233486 : _c£1.00 |
||
| 040 |
_aDLC _cDLC _dDLC |
||
| 050 | 0 | 0 |
_aBV4501.2 _b.U76 |
| 082 | 0 | 0 |
_a248.4 _bURG |
| 100 | 1 |
_aUrquhart, Colin. _97080 |
|
| 245 | 1 | 0 |
_aAnything you ask / _cby Colin Urquhart. |
| 260 |
_aLondon : _bHodder and Stoughton, _c1978. |
||
| 300 |
_a220 p. ; _c18 cm. |
||
| 490 | 0 | _aHodder Christian paperbacks | |
| 504 | _aIncludes bibliographical references. | ||
| 650 | 0 |
_aChristian life. _9183 |
|
| 650 | 0 |
_aPrayer _xChristianity. _9227 |
|
| 906 |
_a7 _bcbc _corignew _d4 _encip _f19 _gy-gencatlg |
||
| 942 |
_2ddc _cBK |
||